U.S. General Knowledge #17 - Statistics

General Stats
  • This quiz has been taken 20,999 times
  • The average score is 11 of 20
Answer Stats
Question Answer % Correct
What TV show starred Pamela Anderson and David Hasselhoff? Baywatch
86%
What San Diego theme park once featured a killer whale named Shamu? Sea World
80%
What did Bruce Jenner change her name to in 2015? {Caitlyn} Jenner
72%
What is the most famous geyser in Yellowstone National Park? Old Faithful
70%
What girl group was Beyoncé a part of before going solo? Destiny's Child
69%
What was the native language of President Martin Van Buren? Dutch
64%
What President promised to keep the U.S. out of WWI during his 1916 campaign? Woodrow Wilson
63%
What former NFL star was known as "The Juice"? O. J. Simpson
62%
What Christmas song reached #1 on the pop charts in 1942, 1945, and 1947? White Christmas
61%
At what Revolutionary War battle was it said "don’t fire until you see the whites of their eyes"? Battle of {Bunker} Hill
60%
What words are written on the seal of the United States? E Pluribus {Unum}
58%
In what city would you be most likely to hear something described as "wicked pissah"? Boston
55%
Who is usually credited with making the first flag of the United States? Betsy Ross
53%
What African-American rights group was founded by W.E.B. DuBois and others in 1909? NAACP
51%
Complete the sequence: G, PG, PG-13, R, … NC-17
43%
What chain store founder was the richest person in America in the 1980s? Sam Walton
41%
What newspaper comic strip was named after two famous theologians? Calvin and Hobbes
31%
What state's motto is "if you seek a pleasant peninsula, look about you"? Michigan
30%
What cult leader met a fiery end in Waco, Texas in 1993? David Koresh
29%
What Presidential candidate saw a collapse in popularity after "screaming" into a bad microphone? Howard Dean
19%
No matching quizzes found
Score Distribution
Percent of People with Each Score
Percentile by Number Answered
Your Score History
You have not taken this quiz